Η Λιμενική Βιομηχανία (Record no. 8162)
[ view plain ]
| 000 -LEADER | |
|---|---|
| fixed length control field | 02935cam a22001934a 4500 |
| 005 - ΗΜΕΡΟΜΗΝΙΑ ΚΑΙ ΩΡΑ ΤΕΛΕΥΤΑΙΑΣ ΕΝΗΜΕΡΩΣΗΣ | |
| Πεδίο ελέγχου | 20250605164328.0 |
| 008 - FIXED-LENGTH DATA ELEMENTS--GENERAL INFORMATION | |
| Πεδίο ελέγχου σταθερού μήκους | 250528s ||||||||||||||||||||||||d |
| 035 ## - SYSTEM CONTROL NUMBER | |
| System control number | 23132 |
| 020 ## - ISBN | |
| ISBN | 9603513822 |
| 040 ## - ΠΗΓΗ ΚΑΤΑΛΟΓΟΓΡΑΦΗΣΗΣ | |
| Φορέας πρωτότυπης καταλογογράφησης | MC Athens Campus Library |
| Γλώσσα καταλογογράφησης | Ελληνικά, Μοντέρνα (1453-) |
| Modifying agency | MC Athens Campus Library |
| Κανόνες περιγραφικής καταλογογράφησης | AACR2 |
| 245 1# - ΤΙΤΛΟΣ ΚΑΙ ΔΗΛΩΣΗ ΥΠΕΥΘΥΝΟΤΗΤΑΣ | |
| Τίτλος | Η Λιμενική Βιομηχανία |
| 260 ## - PUBLICATION, DISTRIBUTION, ETC. | |
| Name of publisher, distributor, etc. | Σταμούλης Α, |
| Date of publication, distribution, etc. | 2001 |
| 300 ## - PHYSICAL DESCRIPTION | |
| Extent | 448 |
| 520 ## - SUMMARY, ETC. | |
| Summary, etc. | Με την αύξηση του όγκου των μεταφερόμενων εμπορευματοκιβωτίων και την απόκτηση μεγαλύτερου ελέγχου μέσα από τις ''παγκόσμιες συμμαχίες'' οι ναυτικιακές εταιρίες έχουν επιτύχει μια κυρίαρχη θέση ανάμεσα σε όλους τους άλλους παίχτες. Σαν αποτέλεσμα τα λιμάνια εξαρτώνται όλο και περισσότερο από τις κυρίαρχες ναυτιλιακές εταιρίες. Πρόλογος, Εισαγωγή, Ρόλος Λειτουργίες και κατάταξη των Λιμανιών, Βασικές Έννοιες και Ορισμοί, Ρόλος και Βασικές Λειτουργίες των Λιμανιών, Αιτίες των Μεταβολών στις Δραστηριότητες, Κατάταξη των Λιμανιών, Ο Γεωγραφικός Παράγοντας και η Σημασία του στην Εξέλιξη των Λιμανιών, Ο Γεωγραφικός Παράγοντας, Οι Θαλάσσιοι Δρόμοι και ο Ρόλος των Διεθνών Διωρύγων, Το Θαλάσσιο Εμπόρικο των Συμβατικών Γενικών Φορτίων και η Διαχείριση τους στους Λιμενικούς Τερματικούς Σταθμούς, Το Θαλάσσιο Εμπόριο των Γενικών Φορτίων, Οι Λιμενικοί Τερματικοί Σταθμοί του Συμβατικού, Οι Τάσεις στις Μεταφορές των Εμπορευματοκιβωτίων και οι Επιπτώσεις στη Λιμενική Βιομηχανία, Οι Λιμενικοί Τερματικοί Σταθμοί που Διαχειρίζονται Εμπορευματοκιβώτια, Οι Λιμενικές Τερματικές Εγκαταστάσεις Υποδοχής Πλοίων RORO και Φορτηγιδοφόρων, Το Θαλάσσιο Εμπόριο των Χύδην Ξηρών Φορτίων και η Διαχείριση τους στους Λιμενικούς Τερματικούς Σταθμούς, Το Θαλάσσιο Εμπόριο των Χύδην Υγρών Φορτίων και η Διαχείριση τους στους Λιμενικούς Τεματικούς. |
| 700 1# - ΠΡΟΣΘΕΤΗ ΑΝΑΓΡΑΦΗ--ΦΥΣΙΚΟ ΠΡΟΣΩΠΟ | |
| Personal name | Παρδάλη Αγγελική |
| 9 (RLIN) | 8696 |
| 942 ## - ADDED ENTRY ELEMENTS (KOHA) | |
| Koha item type | Books |
| Τύπος τεκμηρίου | Βιβλιοθήκη | Τρέχουσα τοποθεσία | Barcode | Αριθμός εισαγωγής | Ημερομηνία απόκτησης | Ταξιθετικό σύμβολο | Αριθμός αντιτύπου | Κατάσταση απόσυρσης | Κατάσταση χαμένου | Κατάσταση κατεστραμμένου | Μη δανεισμός | Σύνολο δανεισμών | Ημερομηνία τελευταίας εμφάνισης | Η τιμή ισχύει από |
|---|---|---|---|---|---|---|---|---|---|---|---|---|---|---|
| Books | MC Athens Campus Library | MC Athens Campus Library | 9780000081612 | 7529 | 05/06/2025 | 387.1 PAR | 1 | 05/06/2025 | 05/06/2025 |